| 000 | 01270 a2200265 4500 | ||
|---|---|---|---|
| 003 | Nust | ||
| 005 | 20220729140917.0 | ||
| 010 | _a 2003271728 | ||
| 020 | _a0070532923 | ||
| 035 | _a(OCoLC)ocm52212979 | ||
| 040 | _cNust | ||
| 082 | 0 | 0 | _a004.6,SPA |
| 100 | 1 |
_aSpalding, Robert. _995801 |
|
| 245 | 1 | 0 |
_aStorage networks : _bthe complete reference / _cRobert Spalding. |
| 260 |
_aBerkeley, Calif. : _bMcGraw-Hill/Osborne, _cc2003. |
||
| 300 |
_axxxii, 538 p. : _bill. ; _c24 cm. |
||
| 505 | _aPart -I: Concepts of Storage Networking (Page-3), Part- II: Storage Fundamentals (Page-65), Part- III: Network Attached Storage (Page-131), Part- IV: Storage Area Networks (Page-199), Part- V: Application Putting It Together (Page-275), Part -VI: Management Keeping It Running (Page-353). | ||
| 650 | 0 | _aDatabase management. | |
| 650 | 0 | _aFile organization (Computer science) | |
| 650 | 0 |
_aStorage area networks (Computer networks) _995802 |
|
| 856 | 4 | 2 |
_3Contributor biographical information _uhttp://www.loc.gov/catdir/bios/mh042/2003271728.html |
| 856 | 4 | 2 |
_3Publisher description _uhttp://www.loc.gov/catdir/description/mh031/2003271728.html |
| 856 | 4 | 2 |
_3Table of contents _uhttp://www.loc.gov/catdir/toc/mh031/2003271728.html |
| 942 |
_2ddc _cBK _k004.6,SPA |
||
| 999 |
_c176368 _d176368 |
||